[Event "Challenge"]
[Site "http://www.queenalice.com/game.php?id=1516435"]
[Date "2018.2.18"]
[Round "-"]
[White "dejami"]
[Black "NataliaMichels"]
[Result "1-0"]
[WhiteElo "1619"]
[BlackElo "1388"]

1. e4 e5 2. Bc4 Nf6 3. Qf3 Bc5 4. h3 d6 5. g4 O-O 6. Qg3 Nxe4 7. Qf3 Nf6 8. g5
e4 9. Qe2 Ne8 10. Qxe4 Qxg5 11. Nf3 Qg2 12. Rf1 Qxh3 13. Ng5 Qh5 14. d4 Bb4+ 15.
c3 Ba5 16. Rh1 Nf6 17. Rxh5 Nxe4 18. Nxe4 Re8 19. Bd3 g6 20. Rxa5 Nc6 21. Rg5
Bf5 22. f3 Bxe4 23. fxe4 h6 24. Rb5 b6 25. Bxh6 f5 26. e5 dxe5 27. Kd2 e4 28.
Bc4+ Kh8 29. Na3 a6 30. Rd5 b5 31. Be2 a5 32. Bxb5 Ne7 33. Rd7 Kh7 34. Rh1 Kg8
35. Bc4+ Kh7 36. Bf8# 1-0

[Event "Challenge"]
[Site "http://www.queenalice.com/game.php?id=1521588"]
[Date "2018.3.29"]
[Round "-"]
[White "NataliaMichels"]
[Black "PatricioKM"]
[Result "0-1"]
[WhiteElo "1381"]
[BlackElo "1724"]

1. e4 e5 2. Nf3 Nc6 3. Bc4 Nf6 4. Nc3 Bc5 5. O-O O-O 6. d3 h6 7. Bd2 d6 8. h3 a6
9. a3 b5 10. Ba2 Nd4 11. Nxd4 Bxd4 12. Nd5 Nxd5 13. Bxd5 Ra7 14. c3 Bb6 15. Re1
Qf6 16. Be3 Bxe3 17. fxe3 Qg5 18. d4 Bxh3 19. Qf3 Bg4 20. Qg3 Kh7 21. dxe5 dxe5
22. Rf1 f6 23. Rfe1 Rc8 24. Bb7 Rxb7 25. b3 c5 26. b4 cxb4 27. axb4 Rxc3 28.
Rec1 Rxe3 29. Qf2 Bh3 30. Rd1 Rg3 31. Kf1 Rxg2 32. Qe1 Ra2# 0-1

[Event "Challenge"]
[Site "http://www.queenalice.com/game.php?id=1521589"]
[Date "2018.3.29"]
[Round "-"]
[White "PatricioKM"]
[Black "NataliaMichels"]
[Result "1-0"]
[WhiteElo "1702"]
[BlackElo "1392"]

1. e4 d6 2. d4 Nf6 3. e5 dxe5 4. Nf3 exd4 5. Nxd4 e5 6. Nf3 Qxd1+ 7. Kxd1 Bd6 8.
Nc3 O-O 9. Bg5 Be7 10. Nxe5 Bg4+ 11. f3 Be6 12. Bd3 h6 13. Bh4 Nbd7 14. Nxd7
Bxd7 15. g4 Rad8 16. Re1 Rfe8 17. a4 a6 18. Ne4 Nxe4 19. Bxe7 Rxe7 20. Bxe4
Bxg4+ 21. Ke2 Be6 22. Kf1 Bh3+ 23. Kg1 Rd2 24. Rad1 Rxd1 25. Rxd1 b5 26. b3 c5
27. Rd8+ Re8 28. Rxe8# 1-0

[Event "En Garde!"]
[Site "http://www.queenalice.com/game.php?id=1525997"]
[Date "2018.5.4"]
[Round "-"]
[White "Orm34"]
[Black "NataliaMichels"]
[Result "1-0"]
[WhiteElo "1529"]
[BlackElo "1360"]

1. d4 d5 2. c4 e6 3. Nf3 dxc4 4. Nc3 g6 5. e3 Nf6 6. Bxc4 Bg7 7. O-O O-O 8. Re1
Bd7 9. e4 Nc6 10. Bg5 a6 11. e5 Nxe5 12. dxe5 Nh5 13. Bxd8 Raxd8 14. Qd4 Bb5 15.
Qc5 Bxc4 16. Qxc4 Rc8 17. Rad1 b5 18. Qc6 b4 19. Ne4 Rfe8 20. Qxa6 Nf4 21. Nf6+
Bxf6 22. exf6 Nh5 23. Rd7 Nxf6 24. Re7 Red8 25. Qb7 c5 26. Rxf7 Rb8 27. Qe7 Nd5
28. Rg7+ Kh8 29. Rxh7+ Kg8 30. Qf7# 1-0

[Event "En Garde!"]
[Site "http://www.queenalice.com/game.php?id=1525998"]
[Date "2018.5.4"]
[Round "-"]
[White "NataliaMichels"]
[Black "Orm34"]
[Result "0-1"]
[WhiteElo "1349"]
[BlackElo "1538"]

1. e4 c5 2. Nf3 Nc6 3. Nc3 d6 4. Bc4 e6 5. O-O Be7 6. h3 Bf6 7. d3 Nge7 8. Be3
d5 9. exd5 exd5 10. Bb3 d4 11. Bxd4 cxd4 12. Ne2 O-O 13. Re1 b5 14. c3 a5 15. c4
Rb8 16. cxb5 Rxb5 17. Ba4 Rxb2 18. Bxc6 Nxc6 19. Qc1 Rb6 20. Qc4 Ba6 21. Qc5
Bxd3 22. Nc1 Ba6 23. Nb3 Nb4 24. Rec1 d3 25. Qxa5 Bxa1 26. Rxa1 Re8 27. Nc5 Bb7
28. Nxb7 Rxb7 29. Qa4 Nd5 30. Qc6 Rb2 31. Nd4 d2 32. Qc5 Re1+ 33. Rxe1 dxe1=Q+
0-1

[Event "Challenge"]
[Site "http://www.queenalice.com/game.php?id=1528978"]
[Date "2018.5.29"]
[Round "-"]
[White "recchdegomm1"]
[Black "NataliaMichels"]
[Result "1-0"]
[WhiteElo "1298"]
[BlackElo "1379"]

1. e4 d6 2. Nc3 Nf6 3. Bc4 g6 4. Nf3 Bg7 5. d3 O-O 6. a4 Bd7 7. e5 dxe5 8. b3
Nc6 9. Be3 a6 10. d4 exd4 11. Nxd4 Bg4 12. f3 Bd7 13. O-O Nxd4 14. Bxd4 b5 15.
Bd5 Nxd5 16. Nxd5 Bxd4+ 17. Qxd4 e6 18. Nf6+ Kh8 19. Rfd1 bxa4 20. Nxd7+ Kg8 21.
Nf6+ Kh8 22. Qh4 Qe7 23. Qxh7# 1-0

[Event "Challenge"]
[Site "http://www.queenalice.com/game.php?id=1529267"]
[Date "2018.5.31"]
[Round "-"]
[White "NataliaMichels"]
[Black "dejami"]
[Result "0-1"]
[WhiteElo "1358"]
[BlackElo "1672"]

1. e4 e5 2. Nf3 f6 3. Nc3 c6 4. Bc4 Ne7 5. O-O d5 6. exd5 cxd5 7. Bb5+ Bd7 8.
Bxd7+ Qxd7 9. d3 d4 10. Ne4 Nf5 11. Nc5 Bxc5 12. Bd2 Na6 13. Re1 Ne7 14. a3 Nc7
15. b4 Bb6 16. h3 Ng6 17. c4 dxc3 18. Bxc3 Nb5 19. Bb2 O-O 20. Qd2 Rad8 21. a4
Nd6 22. a5 Bc7 23. d4 Nc4 24. Qc3 Nxb2 25. Qxb2 exd4 26. Qb3+ Kh8 27. Red1 d3
28. Rd2 Bf4 29. Rdd1 Ne7 30. Qc4 Be5 31. Rac1 Bf4 32. Rc3 d2 33. Qxf4 Nd5 34.
Rd3 Nxf4 35. Rxd7 Rxd7 36. Nh4 Re8 37. Nf5 Re1+ 0-1

[Event "Challenge"]
[Site "http://www.queenalice.com/game.php?id=1529268"]
[Date "2018.5.31"]
[Round "-"]
[White "dejami"]
[Black "NataliaMichels"]
[Result "1-0"]
[WhiteElo "1689"]
[BlackElo "1351"]

1. e4 d6 2. Bc4 g6 3. Qf3 Nf6 4. h3 Bg7 5. c3 O-O 6. d4 Bd7 7. e5 dxe5 8. dxe5
Nh5 9. g4 Nc6 10. gxh5 gxh5 11. Qg3 Nxe5 12. Bh6 Ng6 13. Be3 Be5 14. Qg5 a6 15.
Qxh5 e6 16. Nf3 Bc6 17. Ng5 h6 18. Qxh6 Bxc3+ 19. Nxc3 Bxh1 20. Qh7# 1-0

[Event "Challenge"]
[Site "http://www.queenalice.com/game.php?id=1533741"]
[Date "2018.7.6"]
[Round "-"]
[White "NataliaMichels"]
[Black "PatricioKM"]
[Result "0-1"]
[WhiteElo "1367"]
[BlackElo "1837"]

1. e4 e5 2. Nf3 Nc6 3. Bc4 Nf6 4. Nc3 Bc5 5. O-O O-O 6. d3 h6 7. h3 d6 8. Bd2 a6
9. Re1 b5 10. Bd5 Nxd5 11. Nxd5 a5 12. a3 a4 13. b4 Ba7 14. c4 bxc4 15. dxc4 Be6
16. b5 Nd4 17. Nxd4 exd4 18. Nb4 Qf6 19. Nc6 Bxc4 20. Nxa7 Rxa7 21. Qc1 Bxb5 22.
Rb1 Bd7 23. Re2 Qg6 24. Qc4 c5 25. Ree1 Bxh3 26. Qf1 Re7 27. Rb6 Bd7 28. e5 Qc2
29. Rc1 Qxd2 30. exd6 Re6 31. Rd1 Qa5 32. Rbb1 Rxd6 33. Qc4 Rg6 34. g3 Be6 35.
Qc2 Rg5 36. Qc4 Rh5 37. Qd3 Bf5 38. Qf3 Rg5 39. Ra1 Bg4 40. Qd3 Bxd1 41. Rxd1
Re5 42. Qf3 Re1+ 43. Rxe1 Qxe1+ 44. Kg2 Rd8 45. Qc6 d3 46. Qxa4 d2 0-1

[Event "Challenge"]
[Site "http://www.queenalice.com/game.php?id=1534674"]
[Date "2018.7.13"]
[Round "-"]
[White "recchdegomm1"]
[Black "NataliaMichels"]
[Result "0-1"]
[WhiteElo "1359"]
[BlackElo "1341"]

1. e4 d6 2. Bc4 Nf6 3. d3 Bg4 4. Nf3 g6 5. h3 Bxf3 6. Qxf3 Bg7 7. Na3 O-O 8. b4
Nbd7 9. d4 e5 10. Bb2 exd4 11. Bxd4 c5 12. Bc3 Ne5 13. Qe3 Nxc4 14. Nxc4 b5 15.
Na5 cxb4 16. Bxb4 Re8 17. f3 Nd5 18. Qd2 Nxb4 19. Rd1 Nxa2 20. Nc6 Qh4+ 21. Kf1
Bc3 22. Qd5 Be5 23. Qxa2 Bf6 24. Rxd6 Be5 25. Qd5 Bc3 26. Kg1 Qe1+ 27. Kh2 Qe3
28. Kg3 Be1+ 29. Kg4 Qf2 30. g3 Qxg3# 0-1

[Event "Challenge"]
[Site "http://www.queenalice.com/game.php?id=1536379"]
[Date "2018.7.27"]
[Round "-"]
[White "NataliaMichels"]
[Black "Sergio50"]
[Result "1-0"]
[WhiteElo "1353"]
[BlackElo "1307"]

1. e4 e6 2. d4 b6 3. Be2 g6 4. c4 c6 5. Nf3 f6 6. O-O a5 7. Be3 c5 8. dxc5 bxc5
9. Re1 e5 10. Nc3 Na6 11. Qd5 Rb8 12. Bd3 Nb4 13. Qxg8 Rxg8 14. Nd5 Nxd5 15.
cxd5 1-0

[Event "Challenge"]
[Site "http://www.queenalice.com/game.php?id=1536380"]
[Date "2018.7.27"]
[Round "-"]
[White "NataliaMichels"]
[Black "clicador"]
[Result "1-0"]
[WhiteElo "1365"]
[BlackElo "1591"]

1. e4 e5 2. Nf3 Nc6 3. Bc4 Nf6 4. Nc3 Bc5 5. O-O O-O 6. d3 d6 7. Bd2 Bd7 8. h3
h6 9. Bd5 Na5 10. a3 c6 11. Bb3 b5 12. Re1 Bd4 13. Nxd4 exd4 14. Ne2 Be6 15.
Bxe6 fxe6 16. Nxd4 Qd7 17. Bxa5 1-0

[Event "Challenge"]
[Site "http://www.queenalice.com/game.php?id=1539180"]
[Date "2018.8.17"]
[Round "-"]
[White "Bigchess"]
[Black "NataliaMichels"]
[Result "1-0"]
[WhiteElo "1806"]
[BlackElo "1390"]

1. e4 d6 2. d4 Nf6 3. Bd3 g6 4. Nc3 Bg7 5. Nf3 O-O 6. Qe2 Nc6 7. d5 Ne5 8. Nxe5
dxe5 9. Be3 Bd7 10. O-O-O e6 11. dxe6 Bxe6 12. f4 exf4 13. Bxf4 a6 14. Kb1 Qe7
15. h4 Rad8 16. Qf1 Bg4 17. Re1 Qb4 18. e5 Nd7 19. Bh2 Rfe8 20. Nd5 Qd6 21. exd6
cxd6 22. Rxe8+ Rxe8 23. Bxd6 Be6 24. Nf4 Bh6 25. Nxe6 Rxe6 26. Bh2 Nc5 27. a3
Nxd3 28. Qxd3 Kg7 29. g4 1-0

[Event "Let's Play Chess!"]
[Site "http://www.queenalice.com/game.php?id=1539297"]
[Date "2018.8.18"]
[Round "-"]
[White "Bigchess"]
[Black "NataliaMichels"]
[Result "1-0"]
[WhiteElo "1797"]
[BlackElo "1355"]

1. d4 d5 2. Nf3 Nc6 3. e3 Bf5 4. Nc3 e6 5. Bd3 Bxd3 6. cxd3 Bd6 7. Qe2 Nge7 8.
e4 dxe4 9. dxe4 O-O 10. e5 Bb4 11. Bd2 Bxc3 12. Bxc3 Nf5 13. O-O-O a6 14. Kb1 h6
15. h3 b5 16. g4 Nfe7 17. g5 hxg5 18. Nxg5 Ng6 19. Ne4 Nf4 20. Qf3 Ng6 21. h4
Nxh4 22. Qh3 Re8 23. Nf6+ 1-0

[Event "Let's Play Chess!"]
[Site "http://www.queenalice.com/game.php?id=1539345"]
[Date "2018.8.19"]
[Round "-"]
[White "NataliaMichels"]
[Black "Derik_vd_Heever"]
[Result "0-1"]
[WhiteElo "1371"]
[BlackElo "1524"]

1. e4 e5 2. Nc3 Nc6 3. Bc4 Nf6 4. Nf3 g6 5. O-O Bg7 6. d3 O-O 7. Be3 d6 8. h3
Re8 9. Qd2 Rb8 10. a3 Qd7 11. Rfe1 Na5 12. Bb3 b6 13. Bh6 Ba6 14. Qe2 Bxh6 15.
Rab1 Qc6 16. Ba4 b5 17. Bb3 Nxb3 18. cxb3 b4 19. axb4 Rxb4 20. Qc2 Reb8 21. Na2
Rxb3 22. Qxc6 Bxd3 23. Red1 Bxe4 24. Qxc7 R3b6 25. Qxa7 Bxb1 26. Rxb1 Nd7 27.
Qxd7 R8b7 28. Qe8+ Bf8 29. Ng5 Rb8 0-1

[Event "Challenge"]
[Site "http://www.queenalice.com/game.php?id=1541848"]
[Date "2018.9.11"]
[Round "-"]
[White "NataliaMichels"]
[Black "Bigchess"]
[Result "0-1"]
[WhiteElo "1361"]
[BlackElo "1763"]

1. e4 e5 2. Nf3 d6 3. Bc4 Be7 4. O-O Nf6 5. Nc3 c6 6. d3 Nbd7 7. Be3 Nf8 8. Re1
Ng6 9. h3 a5 10. a3 b5 11. Ba2 O-O 12. d4 exd4 13. Bxd4 Bb7 14. Qe2 Ba6 15. Qe3
Rc8 16. Bxf6 Bxf6 17. Red1 Qc7 18. Rac1 Kh8 19. Rd2 Ne5 20. Nxe5 Bxe5 21. Rcd1
Qe7 22. b4 a4 23. Qb6 Bxc3 24. Re2 Bb7 25. Rd3 Be5 26. Red2 Ba8 27. Qe3 h6 28.
c4 bxc4 29. Bxc4 c5 30. bxc5 Qf6 31. cxd6 Rxc4 32. d7 Bxe4 33. d8=Q Rc1+ 34. Rd1
Rxd1+ 35. Rxd1 Rxd8 36. Rxd8+ Qxd8 37. f4 Bd4 0-1

[Event "Challenge"]
[Site "http://www.queenalice.com/game.php?id=1560896"]
[Date "2019.2.13"]
[Round "-"]
[White "NataliaMichels"]
[Black "PatricioKM"]
[Result "1-0"]
[WhiteElo "1345"]
[BlackElo "1819"]

1. e4 e5 2. Nf3 Nc6 3. Bc4 Nf6 4. d3 h6 5. O-O d5 6. exd5 Nxd5 7. Bxd5 Qxd5 8.
Nc3 Qd6 9. Be3 Bg4 10. h3 Bxf3 11. Qxf3 O-O-O 12. Ne4 Qg6 13. Rfe1 Be7 14. Rad1
Nb4 15. Bxa7 Nxc2 16. Re2 Nb4 17. a3 Nc6 18. Bc5 Bxc5 19. Nxc5 f5 20. Red2 f4
21. b4 Nd4 22. Qxb7# 1-0

[Event "Challenge"]
[Site "http://www.queenalice.com/game.php?id=1560897"]
[Date "2019.2.13"]
[Round "-"]
[White "PatricioKM"]
[Black "NataliaMichels"]
[Result "0-1"]
[WhiteElo "1781"]
[BlackElo "1375"]

1. e4 c5 2. Nf3 d6 3. Nc3 a6 4. d4 cxd4 5. Nxd4 e6 6. Bd3 b5 7. O-O Bb7 8. Qg4
Qc7 9. Bf4 Nf6 10. Qg3 Be7 11. b3 e5 12. Ndxb5 Qa5 13. a4 O-O 14. Bh6 Nh5 15.
Qg4 axb5 16. Be3 Qxc3 17. Qxh5 g6 18. Qe2 d5 19. exd5 Bxd5 20. Bxb5 Nc6 21. Bd2
Qxc2 22. Bxc6 Qxc6 23. f3 Qb6+ 24. Be3 Bc5 25. Bxc5 Qxc5+ 26. Kh1 Bxb3 27. Qe4
Qc4 28. Qxe5 Rfe8 29. Qf4 Qxf4 30. Rab1 Bxa4 0-1